00381nam a2200133Ia 4500008004100000041001200041082001100053100001700064245010200081250000800183260003200191300000800223650001600231221030s9999 xx 000 0 und d aEnglish a105.23 aMission 10 X 0aMission 10 X Faculty Resource Guide ( Integrated Samples ) Version 3.0 Dec.,2010cby Mission 10 X a3rd bWipro Ltd.aBangalorec2010 a160 aBE Computer